| 000 | 01302nam0a2200301 4500 | ||
|---|---|---|---|
| 001 | RU\NLR\bibl\1115752 | ||
| 005 | 20250615063234.0 | ||
| 010 |
_a978-5-209-02546-7 _91000 |
||
| 021 |
_aRU _b2007-43694 _92335 |
||
| 035 | _a(NLR Aleph) 001102757 | ||
| 090 |
_a1188697 _c1188697 |
||
| 100 | _a20070808d2007 |||y0rusy50 ca | ||
| 101 | 0 | _arus | |
| 102 | _aRU | ||
| 105 | _ay ||||||||| | ||
| 200 | 1 |
_aПрактикум по психиатрии _eучебное пособие _f[засл. деятель наук РФ, лауреат премии им. С.С. Корсакова, д.м.н., проф. М.В. Коркина и др.] _gпод ред. проф. М.В. Коркиной |
|
| 205 | _a[4-е изд., перераб. и доп.] | ||
| 210 |
_aМосква _cРоссийский университет дружбы народов _d2007 |
||
| 215 |
_a305, [1] с. _d22 |
||
| 320 | _aБиблиогр.: с. 281 | ||
| 606 | 1 |
_aПсихиатрия _jУчебные издания для высших учебных заведений _9906850 _3RU\NLR\auth\6610771 |
|
| 686 | _aР64я73 | ||
| 702 | 1 |
_aКоркина _bМ. В. _gМария Васильевна _4220 |
|
| 801 | 0 |
_aRU _bNLR _c20070808 _gRCR |
|
| 801 | 1 |
_aRU _bNLR _c20070808 |
|
| 942 | _cBOOK | ||
| 980 | _aNB | ||